000 00583nam a2200181Ia 4500
008 100917s9999 xx 000 0 und d
082 _b35862
100 _aपांढरीपांडे विजय
245 _aआकाश माझ्या मुठीत
260 _bनेत्रा प्रकाशन
_c---
300 _a96
365 _b8
520 _aकादंबरी
630 _aआकाश माझ्या मुठीत
650 _aकादंबरी
730 _aआकाश माझ्या मुठीत
942 _cBOOK
999 _c641256
_d641253